00681nam a2200229Ia 45000010006000000050017000060070003000230080041000260400025000670410008000920820013001001000022001132450069001352500010002042600038002143000011002526530013002636530018002769420012002949520128003069990017004345131720240114005223.0ta090619s2001 g b000 u 465 u aCotton College,Assam a465 a891bRAT aRathi, Giridhar . 0aSamakalin Bharatiya Sahitya /cGirdhar Rathi.hTextual Documents a1st / aDelhi :bSahitya Akademy ,c2001. c24 cm. aJournals aBV-Literature 2ddccBK 001040708Circulation (BV)aSKBLbSKBLd2012-02-01f00000l0o891 RATp2083 /B.V.r2024-01-14 00:00:00t1w2012-02-01yBK c51282d51282